Être et avoir : DVD Vidéo (Record no. 9031)

MARC details
000 -LEADER
fixed length control field 02103ngm a2200157 4500
008 - FIXED-LENGTH DATA ELEMENTS--GENERAL INFORMATION
fixed length control field b xx# fre u
040 ## - CATALOGING SOURCE
Original cataloging agency LB-BrCRDP
082 1# - DEWEY DECIMAL CLASSIFICATION NUMBER
Classification number 791.436 35
Item number phi
100 1# - MAIN ENTRY--PERSONAL NAME
Personal name Nicolas, Philibert
245 10 - TITLE STATEMENT
Title Être et avoir : DVD Vidéo
Statement of responsibility, etc. Nicolas Philibert , Georges Lopez
300 ## - PHYSICAL DESCRIPTION
Extent Durée :
520 ## - SUMMARY, ETC.
Summary, etc. Une petite école primaire perdue au fin fond de l'Auvergne ; une de ces classes uniques où se côtoient, de la maternelle au CM2, tous les enfants du même village; un instituteur dont l'attention et la patience n'ont d'égales que la sérénité et la passion de l'enseignement… Tels sont les principaux ingrédients de ce film documentaire de Nicolas Philibert, Être et Avoir. Au rythme des saisons (les somptueux paysages tantôt enneigés tantôt printaniers symbolisent à merveille l'écoulement du temps) et des travaux des champs (en quelques intermèdes les rigueurs de la vie des agriculteurs s'y trouvent décrites), le réalisateur a suivi pas à pas et filmé pendant six mois les treize élèves de M. Lopez, explorant tour à tour leurs doutes, leurs difficultés, leurs peines et leur enthousiasme face à l'apprentissage des matières traditionnelles mais surtout des vraies valeurs de la vie : la patience, la persévérance, l'humilité, le goût de l'effort, l'entraide ou encore le respect de l'autre et la résolution des conflits… Au fil des saynètes qui illustrent le quotidien de ces enfants, au sein même de l'école comme dans celui du cercle familial, les explosions de joies et les fous rires, issus de la drôlerie naturelle des enfants, alternent avec quelques passages d'extrême émotion, comme celle de l'élève confiant douloureusement à son instituteur la grave maladie de son père. Au final, on se passionne très vite pour ces petits comme pour ce film splendide, frais et tonique, aussi enrichissant que divertissant, qui fera regretter à bon nombre les heureux moments d'intimité et d'insouciance de l'école primaire
700 1# - ADDED ENTRY--PERSONAL NAME
Personal name Georges, Lopez
942 ## - ADDED ENTRY ELEMENTS (KOHA)
Koha item type Visual Materials
Holdings
Withdrawn status Lost status Source of classification or shelving scheme Damaged status Not for loan Home library Current library Shelving location Date acquired Source of acquisition Cost, normal purchase price Total Checkouts Full call number Barcode Date last seen Copy number Price effective from Koha item type
    Dewey Decimal Classification     مكتبة دار المعلمين و المعلمات - بئر حسن مكتبة دار المعلمين و المعلمات - بئر حسن Salle de Lecture 06/12/2010 Ambassade de France 0.00   791.436 35 phi CRB3536 07/27/2016 1 07/27/2016 Visual Materials